The Specifics of Overtourism in the Prachov Rocks

Špecifiká nadmernej turistiky v Prachovských skalách, v Českom raji a Globálnom geoparku UNESCO Český raj, známych svojimi pieskovcovými vežami. Zameranie na dopady overturizmu na miestne prostredie a ľudí a sledovanie jeho vývoja inovatívnymi metódami.

Uložené v:
Podrobná bibliografia
Hlavný autor: Boháč, Artur
Ďalší autori: Vacek, Petr
Médium: Kapitola
Jazyk:English
Predmet:
Tagy: Pridať tag
Žiadne tagy, Buďte prvý, kto otaguje tento záznam!

MARC

LEADER 00000naa a2200000 4500
001 0304583
005 20251210125824.7
041 0 |a eng 
044 |a CZ 
245 1 0 |a The Specifics of Overtourism in the Prachov Rocks  |c Artur Boháč 
520 |a Špecifiká nadmernej turistiky v Prachovských skalách, v Českom raji a Globálnom geoparku UNESCO Český raj, známych svojimi pieskovcovými vežami. Zameranie na dopady overturizmu na miestne prostredie a ľudí a sledovanie jeho vývoja inovatívnymi metódami. 
610 2 0 |a Česko 
610 2 0 |a príroda 
610 2 0 |a ruch cestovný 
610 2 0 |a ruch cestovný nadmerný 
610 2 0 |a preľudnenie relatívne 
610 2 0 |a UNESCO 
100 1 |a Boháč, Artur 
700 1 |a Vacek, Petr